Dialógy o slovenčine 6. /
Uložené v:
| Ďalší autori: | |
|---|---|
| Médium: | Kniha |
| Jazyk: | Slovak |
| Vydané: |
Prešov :
Metodické centrum Prešov,
2002
|
| Vydanie: | 1. vyd. |
| Témy: | |
| ISBN: |
(brož.) |
| Fyzický popis: |
47 s. |
| Tagy: |
Pridať tag
Žiadne tagy, Buďte prvý kto otaguje tento záznam!
|
Titul je dostupný aj v ... 

MARC
| LEADER | 00000nam a2200000 a 4500 | ||
|---|---|---|---|
| 001 | 000076949 | ||
| 003 | SVKK | ||
| 005 | 20020409000000.0 | ||
| 008 | 020320s2002 xo e sloo | ||
| 020 | |a (brož.) | ||
| 040 | |a SVKKK |b slo |c SVKKK |e AACR2 | ||
| 041 | 0 | |a slo | |
| 044 | |a xo |c SK | ||
| 080 | |a 811.162.4(035) |2 1997 | ||
| 080 | |a 821.162.4(035) |2 1997 | ||
| 245 | 0 | 0 | |a Dialógy o slovenčine 6. / |c Zost. Zlatica Hlebová |
| 250 | |a 1. vyd. | ||
| 260 | |a Prešov : |b Metodické centrum Prešov, |c 2002 | ||
| 300 | |a 47 s. | ||
| 653 | 0 | |a jazyk slovenský |2 SVKKKPH | |
| 653 | 0 | |a literatúra slovenská |2 SVKKKPH | |
| 653 | 0 | |a príručky metodické |2 SVKKKPH | |
| 655 | 7 | |a príručky |2 SVKKKPH | |
| 700 | 1 | |a Hlebová, Zlatica |4 com | |
| 910 | |a svkkk | ||
| 974 | |a UH |d 20020403 | ||
| 974 | |a KL |d 20020322 | ||
| 974 | |a MI |d 20020409 | ||
| 998 | |a BK | ||
| 090 | |g SCKHL |k Sklad Pribinova 2. posch. |a III.190772 |j 945275 |i 2720114836 |s Absenčne | ||